Statistics for NRL GOALKICKERS 2017

Click here to take the quiz!

General Stats

  • This quiz has been taken 199 times
  • The average score is 9 of 16

Answer Stats

TEAMKICKER% Correct
STORMCameron Smith
89%
COWBOYSJohnathan Thurston
86%
RABBITOHSAdam Reynolds
80%
RAIDERSJarrod Croker
79%
WARRIORSShaun Johnson/Isaac Luke
70%
PANTHERSNathan Cleary
67%
TIGERSMitchell Moses
64%
SHARKSJames Maloney
59%
BRONCOSJordan Kahu/ Anthony Milford
56%
DRAGONSGareth Widdop
54%
TITANSAshley Taylor
52%
KNIGHTSTrent Hodkinson
36%
BULLDOGSMoses Mbye
34%
EELSClinton Gutherson
31%
SEA-EAGLESDylan Walker
30%
ROOSTERSMichael Gordon
30%

Score Distribution

Percentile by Number Answered

Percent of People with Each Score

Your Score History

You have not taken this quiz